Štylistika slovenčiny pre každého

Bibliographic Details
Main Author: Klincková, Jana, 1949- (Author)
Format: Article
Language:Slovak
PhysicalDescription:Obr.
ISSN:1335-7883
Subjects:

MARC

LEADER 00000nab a2200000 a 4500
001 vtls001492943
003 SK-MaSNL
005 20260303191024.0
008 050209c2005 xo sr|p|||||||000 b|slo
015 |a SNBRB2005/02  |2 snkbucl 
038 |a SNKBUCL 
040 |a SNKBUCL  |b slo  |c SNKBUCL  |e AACR2 
041 0 |a slo 
044 |a xo  |c SK 
080 |a 81'38  |2 UDC-MRF-SK2 
080 |a 811.142.4  |2 UDC-MRF-SK2 
100 1 |a Klincková, Jana,  |d 1949-  |4 aut  |9 119566 
245 1 0 |a Štylistika slovenčiny pre každého  |c Jana Klincková 
300 |b Obr. 
650 0 7 |a slovenčina  |2 snkbucl  |9 1350 
650 0 7 |a štylistika  |2 snkbucl  |9 870 
773 0 |t Verejná správa  |g Roč. 60, č. 2 (2005), s. 30  |x 1335-7883 
787 0 8 |i Rec.:  |a Findra, Ján, 1934-  |t Štylistika slovenčiny  |d Martin : Osveta, 2004  |z 8080631425 
852 |a SNK  |b KIS3GCP 
999 |c 2139109  |d 2141039